000 00877nam a2200229 a 4500
001 49554
003 BD-RjUL
005 20211209054708.0
008 160821s1972 ii ||||| |||| 00| d ben d
020 _c: Tk. 12.50
035 _a(BD-RjUL) 49673
040 _aBD-RjUL
_bben
_cBD-RjUL
041 _aben
082 _223
_a891.44209
_bCHB 1972
100 1 _aচৌধুরী, অহীন্দ্র
_9148635
245 1 0 _aবাঙালীর নাট্যচর্চা /
_cঅহীন্দ্র চৌধুরী
260 _aকলিকাতা :
_bশঙ্কর প্রকাশন,
_c১৯৭২ (১৩৭৯)
300 _a২২৩ পৃ. ;
_c২১ সেমি.
650 _aবাংলা নাটক
_xইতিহাস ও সমালোচনা
_9123674
650 _aBengali Drama
_xHistory and Criticism
_9122764
942 _2ddc
_cBK
999 _c49554
_d49554